000 00325nam a22001337a 4500
008 171202b xxu||||| |||| 00| 0 eng d
020 _a520518001
041 _aeng
080 _a338
100 _a53
101 _aMNG
245 _aFAMILY ECONOMICS- HOME MANAGEMENT CONFERENCE
_cTHE UNIVERSITY OF GEORGIA
942 _2udc
_cBK
999 _c38726
_d38726